Quizzes
Events
Quiz Creation
Community
Videos
Private Events
Remove Ads
Sign In
Join for FREE
Feedback
Dark Mode
Quiz Categories
Sports
Geography
Music
Movies
Television
Just For Fun
Miscellaneous
History
Literature
Language
Science
Gaming
Entertainment
Religion
Holiday
For Kids
Quiz Lab
Recent
Popular Today
Quiz Kudos Today
Editor Picks
Curator Picks
Quizzes by...
Day
Popularity
Type
Ratings
Length
Year
Community
Subscriptions
Recent Discussions
Orange Saloon
Badges
Playlists
Quests
Create
Leaderboards
Showdown
Live 5
Trivia Bingo
Activity
Puzzle Library
Sporcle Events
Private Events
Virtual Trivia
Globe League
Become a Host
Pub Owners
SporcleCon
Opinionation
Our Games
Videos
Blog
Mobile Apps
Partnerships
Remove Ads and Go Orange
Feedback
Movies
Disney
Marvel Cinematic Universe
Movie Resume
Movie Titles
Oscar
Actor
Actress
Director
Pixar
Role
Movie Quotes
Movie Characters
Box Office
Nominee
Best Picture
Star Wars
James Bond
Horror Movies
Movies
Disney
Marvel Cinematic Universe
Movie Resume
Movie Titles
Oscar
Actor
Actress
Director
Pixar
Role
Movie Quotes
Movie Characters
Box Office
Nominee
Best Picture
Star Wars
James Bond
Horror Movies
Random Quiz
Search Sporcle
×
Quiz Lab
Quiz Lab
Movies
Star Wars
Click on regions of an image
Click on regions of an image
Picture Click
Best Score? Go Orange.
Star Wars: Jedi (Hard) Stats
Can you identify the Jedi shown below?
By
jcro2001
10m
45 Questions
3,261 Plays
3,261 Plays
3,261 Plays
Comments
Comments
Give Quiz Kudos
Give Quiz Kudos
-
- Ratings
hide this ad
Forced Order
Answers have to be entered in order
Answers have to be entered in order
Replay
Link that replays current quiz
Next Quiz
Link to next quiz in quiz playlist
You Got
0%
They Got
Avg Score
68%
Avg Friend Score
Upgrade to see
Score Distribution
Jump to the score distribution portion of the page
Score
0/45
Timer
10:00
2
Plays Today
% Correct
Luke
96.9%
Mace Windu
95.1%
Obi-Wan
95%
Qui-Gon
94.9%
Anakin
93.6%
Yoda
92.6%
Ahsoka
90.8%
Kit Fisto
89.7%
Ki Adi Mundi
89.4%
Plo Koon
89%
Shaak Ti
85.8%
Ezra
84.8%
Aayla Secura
83.2%
Yaddle
81.4%
Luminara Unduli
80.8%
Kanan
79.4%
Barriss Offee
78.9%
Ima-Gun Di
74.9%
Jocasta Nu
72.8%
Quinlan Vos
72.2%
Adi Gallia
70.8%
Saesee Tiin
70.2%
Tiplee
68.8%
% Correct
Even Piell
67.8%
Pong Krell
67%
Agen Kolar
64.2%
Sifo Dyas
63.4%
Yarael poof
62%
Coleman Trebor
60.8%
Eeth Koth
59.5%
Nahdar Vebb
58.7%
Cin Drallig
57.4%
Depa Billaba
57.1%
Oppo Rancisis
56.2%
Zatt
54.8%
Zett Jukassa
52.2%
Bultar Swan
50.2%
Tera Sinube
49.8%
Gungi
49.5%
Petro
44.6%
Ganodi
40.3%
Tiplar
39%
Katooni
38.6%
Coleman Kcaj
38.5%
Byph
36.3%
Quiz Playlist
Details
Report
Send in Message
Add To Playlist
Picture Click:
Click on regions of an image
Forced Order:
Answers have to be entered in order
Last Updated: Sep 10, 2017
Quiz Scoreboard
CHALLENGE
Sign Up to Join the Scoreboard
Show All
Scores
Hide
Comments
May contain spoilers
Recently Published
Street Fighter Characters
by Artimus82
Gaming
60s
9x9 Crossword: Cartoon Network
by jackfrog10
Miscellaneous
3m
College Basketball Coaching Resumes
by pancakes188
Sports
9m
More to Explore
Quiz From the Vault
Featured Blog Post
Where Did the Easter Bunny Come From?
hide this ad
You Might Also Like...
Tags
Star Wars Quiz
hard
Jedi
Jedi Council
Jedi Masters
sci-fi
Today's Top Quizzes in Movies
Browse Movies
hide this ad
Today's Top Quizzes in Star Wars
Browse Star Wars
Top Contributed Quizzes in Movies
1
Pick 5 Posters: Directed by Spielberg
2
7-to-1: Pixar Characters
3
Pick 5 Posters: Lowest-Rated Spielberg
4
Hidden Star Wars Character II
5
Sorting Actors
6
Sorting Actresses
7
Pick 5 Posters: Directed by Scorsese
8
Hidden Star Wars Character III
9
Pick 5 Posters: Star & Director
10
Hidden Star Wars Character IV
Explore More
Trending Topics
Kpop
NBA
Crossword
Anime
Harry Potter
Marvel
Disney
Soccer
The Office
Pokémon
Country
Puzzle
NFL
WWE
Song
hide this ad
More By:
jcro2001
Quiz
Plays
Rating
Category
Featured
Created
The Hardest Star Wars Quiz Ever (OT)
18,688
4.71
Movies
May 31, 2017
Star Wars: Jedi (Easy)
3,966
4.54
Movies
May 29, 2017
Star Wars: Jedi (Hard)
3,261
4.63
Movies
May 29, 2017
The Easiest Star Wars Quiz Ever
3,090
4.39
Movies
Jul 22, 2017
The Hardest Star Wars Quiz Ever (PT)
2,866
4.54
Movies
Jun 8, 2017
Go to Creator's Profile
Score Distribution
Quiz Creator Spotlight
jcro2001
Follow
Send a Message
Quizzes Created
-
Created Quiz Play Count
-
More By This Creator
Popular Quizzes Today
1
Find the US States - No Outlines Minefield
2
Find the Countries of Europe - No Outlines Minefield
3
The Countries of the World
4
Find the US States
5
Risky Map Clicking: Biggest States A-Z
6
US States
7
Popular People in 1961
8
Movies - When Are They Set?
More Movies Quizzes
Did It Win Best Picture in the '30s?
Published
Trending Quizzes
Risky Map Clicking: Least Populous States A-Z
1-10 Letter G Words
Risky Map Clicking: Next State Alphabetically
Adjectives in 80s TV Shows
The Seven Year Switch: Catherine
Recently Updated
Leaping Animals
pecheneg
Reality TV Shows (A-Z)
bhenderson79
Rickey Henderson's Hall of Fame Teammates
pecheneg
Champions League XIs: Arsenal
pecheneg
Quick Pick: Celebrities in WWE's Hall of Fame
aduchscher
A-Z Keypad Blitz II
pecheneg
Multiple Oscar Actors
pecheneg
Mystery Phrase Blitz: Oscar 'Best Actors'
pecheneg
F. Scott Fitzgerald Novels
LTH
Pick 3 Villains
ddd62291
Trending Topics
Disney
Marvel
Crossword
Anime
Harry Potter
Kpop
NBA
Pokémon
Puzzle
The Office
Country
Soccer
NFL
WWE
Song
Your Account Isn't Verified!
In order to create a playlist on Sporcle, you need to verify the email address you used during registration. Go to your
Sporcle Settings
to finish the process.
Report this User
Report this user for behavior that violates our
Community Guidelines
.
Details:
Send Report
Go to the Sporcle.com Mobile Site →
Comments